000 00350nam a2200133Ia 4500
008 240624s9999 xx 000 0 und d
041 _aeng
082 _a006.312 LIN
100 _aLINOFF GORDON S
245 _aDATA MINING TECHNIQUES FOR MARKETING SALES AND CUSTOMER R
250 _a(3rd ed.)
260 _c2015
_aNew Delhi
_bWiley
365 _cRS
_b33
999 _c26534
_d26534